|
|
|
|
| LEADER |
01129nam a2200277 a 4500 |
| 001 |
GR-MES12054 |
| 008 |
070423s nyu b 001 0 gre d |
| 020 |
|
|
|a 0471551929
|
| 040 |
|
|
|a GrPaTEI
|b gre
|c GR-PaULI
|
| 040 |
|
|
|a GrPaTEI
|b gre
|c GR-PaULI
|
| 082 |
|
0 |
|a 681.2
|2 20
|
| 100 |
1 |
|
|a Dally, James W.
|
| 245 |
1 |
0 |
|a Instrumentation for engineering measurements /
|c James W. Dally / William F. Riley / Kenneth G. McConnell.
|
| 250 |
|
|
|a 2nd ed.
|
| 260 |
|
|
|a New York :
|b Wiley,
|c 1993
|
| 300 |
|
|
|a xxi
|a 584σ. :
|b εικ. ;
|c 26εκ.
|
| 504 |
|
|
|a Περιλαμβάνει βιβλιογραφίες και ευρετήριο.
|
| 650 |
|
0 |
|a Engineering instruments
|
| 650 |
|
4 |
|a Μηχανολογία
|
| 650 |
|
4 |
|a ΜΗΧΑΝΟΛΟΓΙΚΟΣ ΕΞΟΠΛΙΣΜΟΣ
|
| 700 |
1 |
|
|a McConnell, Kenneth G.
|
| 700 |
1 |
|
|a Riley, William F.
|
| 942 |
|
|
|2 ddc
|
| 952 |
|
|
|0 0
|1 0
|2 ddc
|4 0
|6 681_200000000000000_DAL
|7 0
|9 270754
|a MSLG
|b MSLG
|c BSC
|d 2021-01-17
|e 24
|f 0
|g 0.00
|l 0
|o 681.2 DAL
|p 2420000021661
|r 2021-01-17 00:00:00
|t 1
|w 2021-01-17
|y BK15
|x 20070423 0 ΜΑΤΣΙΩΡΗ 1
|x GrPaTEI
|
| 971 |
|
|
|a .b25781017
|b 15-04-20
|c 13-09-16
|
| 999 |
|
|
|c 156418
|d 156418
|